La obra cinematográfica y sus problemas jurídicos / (Record no. 97951)

MARC details
000 -LEADER
campo de control de longitud fija 00637nam a2200181 i 4500
001 - NÚMERO DE CONTROL
campo de control 97951
003 - IDENTIFICADOR DE NÚMERO DE CONTROL
campo de control ES-MaACL
005 - FECHA Y HORA DE LA ÚLTIMA TRANSACCIÓN
campo de control 20231229063024.0
007 - CAMPO FIJO DE DESCRIPCIÓN FÍSICA--INFORMACIÓN GENERAL
campo de control de longitud fija t|
008 - DATOS DE LONGITUD FIJA--INFORMACIÓN GENERAL
campo de control de longitud fija 050721s1949 sp ||||1| spa d
100 1# - ENTRADA PRINCIPAL--NOMBRE DE PERSONA
Nombre de persona Marín Pérez, Pascual,
Fechas asociadas al nombre 1917-1991
9 (RLIN) 76809
245 13 - MENCIÓN DEL TÍTULO
Título La obra cinematográfica y sus problemas jurídicos /
Mención de responsabilidad, etc. Pascual Marín Pérez.
260 ## - PUBLICACIÓN, DISTRIBUCIÓN, ETC.
Lugar de publicación, distribución, etc. Madrid :
Nombre del editor, distribuidor, etc. Instituto Editorial Reus,
Fecha de publicación, distribución, etc. 1949.
300 ## - DESCRIPCIÓN FÍSICA
Extensión 49 p. ;
Dimensiones 25 cm.
500 ## - NOTA GENERAL
Nota general Es tirada aparte de la revista General de Legislación y Jurisprudencia. Julio - Agosto de 1949.
852 ## - LOCALIZACIÓN
Ubicación ES-MaACL
Número de control de estantería 1899-F-9
Sublocalización o colección R.28680
Holdings
Estatus retirado Estado de pérdida Estado de daño No para préstamo Colección Biblioteca de origen Biblioteca actual Ubicación en estantería Fecha de adquisición Fuente de adquisición Total de préstamos Signatura topográfica completa Código de barras Visto por última vez Precio de reemplazo Tipo de ítem Koha
        Colección de folletos Biblioteca del Ateneo de Madrid Biblioteca del Ateneo de Madrid Depósito folletos 17/01/2008     1899-F-9 1102250 23/02/2023 23/02/2023 Folleto